00759nam a22001817a 4500003000200000005001700002008004100019050002500060100002500085245012200110260007100232300004400303504005700347650005300404650003300457650004100490650004600531020250117101929.0250117b xxu||||| |||| 00| 0 eng d aLB 1028.5b.D36 2024 aDe los Santos, Jhona aInteractive dashboard for IXL report generation and student progress monitoring development plancJhona De los Santos aLas Pinas CitybSouthville International School and Collegesc2024 axii, 90 pages :billustrations ;c28cm. aIncludes bibliographical references and appendices.  aEducational Technology-- digital learning tools. aIXL--digital learning tools. aIXL--data visualization--dashboards. aStudent Progress Monitoring--assessment .